Seinfeld Characters Quiz Stats

 Plays Quiz Updated Feb 20, 2018

Score 0/20 Timer 06:00
9 Plays Today
Quote Character % Correct
I'm out there Jerry and I'm LOVIN' every minute of it!!Cosmo Kramer
98.6%
If you look annoyed all the time, people think you're busy.George Costanza
97.7%
So, basically what you're saying is 95% of the population is undatable?Elaine Benes
95.5%
There's more to life than making shallow, fairly obvious observations.Jerry Seinfeld
93.6%
When you control the mail, you control information.Newman
92.8%
Serenity nowww!Frank Costanza
71.3%
I come home and I find my son treating his body as if it was an amusement park.Estelle Costanza
64.8%
Don't tell me about business! I sold raincoats for thirty-five years!Morty Seinfeld
63.1%
Jerry....HELLO!Uncle Leo
57%
I'll be back. We'll make out.David Puddy
50.4%
Quote Character % Correct
You're pushing your luck, little man.Soup Nazi
49.1%
How could anyone not like him?Helen Seinfeld
49%
So... it's just empty calories and male curiosity, eh, Georgie?George Steinbrenner
45.7%
That's right. White Lotus. Yam-yam. Shanghai Sally.Jacopo Peterman
44.1%
You fool. You're having her try the bra on over a leotard.Jackie Chiles
37.5%
You're stupid! You're a stupid, stupid man!Susan Ross
36.3%
It's the best Jerry, the best!Kenny Bania
34.9%
You gave me gonorrhea and you didn't even tell me!Mickey Abbott
29.6%
I'm just getting warmed up. Because I'm just a sadist with newer magazines.Dr. Tim Whatley
24.8%
George, there's nothing I hate more than a liar.Mr. Wilhelm
12.1%

You're not logged in!

Compare scores with friends on all Sporcle quizzes.
OR
Log In

Sporcle TV

Today on Sporcle TV


Watch our educational content, quiz creation guides, and fun videos on Sporcle TV.

Show Comments

Extras

Top Quizzes Today


Score Distribution

Your Account Isn't Verified!

In order to create a playlist on Sporcle, you need to verify the email address you used during registration. Go to your Sporcle Settings to finish the process.

Report this User

Report this user for behavior that violates our Community Guidelines.

Details: